| 000 | 00621cam a22002173a 4500 | ||
|---|---|---|---|
| 001 | 36671 | ||
| 003 | PGUSA | ||
| 005 | 20140828083811.0 | ||
| 008 | 110709s2011||||xxu|||||s|||||000 | eng d | ||
| 040 |
_aPGUSA _beng |
||
| 042 | _adc | ||
| 100 | 1 |
_aSpeed, Nell, _d1878-1913 |
|
| 245 | 1 | 2 |
_aA House Party with the Tucker Twins _h[electronic resource] / _cNell Speed |
| 260 |
_bProject Gutenberg, _c2011 |
||
| 506 | _aPublic domain in the USA. | ||
| 516 | _aElectronic text | ||
| 700 | 1 |
_aScott, A. O. _q(Arthur O.) |
|
| 830 | 0 |
_aProject Gutenberg _v36671 |
|
| 856 | 4 | 0 | _uhttp://www.gutenberg.org/ebooks/36671 |
| 942 | _cEB | ||
| 999 |
_c265926 _d265926 |
||